Clinical classifications for health policy research : hospital inpatient statistics, 1995 /

Bibliographic Details
Corporate Author: Healthcare Cost and Utilization Project (U.S.)
Format: Government Document Book
Language:English
Published: Rockville, MD : Dept. of Health and Human Services, Public Health Service, Agency for Health Care Policy and Research, [1998]
Series:AHCPR pub. ; no. 98-0049.
HCUP-3 research note.
Subjects:

MARC

Tag First Indicator Second Indicator Subfields
LEADER 00000cam a2200000 a 4500
001 in00000001876
005 20151007050552.0
008 981030s1998 mdu b f000 0 eng d
035 |a (OCoLC)40195186 
035 |9 AJC2382AM 
040 |a GPO  |c GPO  |d DLC  |d MvI  |d UtOrBLW 
043 |a n-us--- 
049 |a UDOC 
074 |a 0491-B-26 
086 0 |a HE 20.6514/3:D 35/CLINIC. 
245 0 0 |a Clinical classifications for health policy research :  |b hospital inpatient statistics, 1995 /  |c Healthcare Cost and Utilization Project. 
246 3 0 |a Hospital inpatient statistics, 1995 
246 1 |i Logo title:  |a Tools for decisionmaking & research 
264 1 |a Rockville, MD :  |b Dept. of Health and Human Services, Public Health Service, Agency for Health Care Policy and Research,  |c [1998] 
300 |a vi, 177 pages ;  |c 28 cm. 
336 |a text  |b txt  |2 rdacontent 
337 |a unmediated  |b n  |2 rdamedia 
338 |a volume  |b nc  |2 rdacarrier 
490 1 |a AHCPR pub. ;  |v no. 98-0049 
490 1 |a HCUP-3 research note 
500 |a Shipping list number: 99-0007-P. 
500 |a "August 1998." 
504 |a Includes bibliographical references (page 4). 
650 0 |a Clinical medicine  |z United States  |x Classification. 
650 0 |a Hospital utilization  |z United States  |x Data processing. 
650 0 |a Hospital patients  |z United States  |x Classification  |x Data processing. 
650 0 |a Diagnosis related groups  |z United States  |x Data processing. 
710 2 |a Healthcare Cost and Utilization Project (U.S.) 
830 0 |a AHCPR pub. ;  |v no. 98-0049. 
830 0 |a HCUP-3 research note. 
999 |a MARS 
999 f f |s d8bcb214-91ad-3efa-8278-f33b803f3b03  |i 95377a08-b8f5-3a58-9578-7616bbb7beb6  |t 0 
952 f f |p normal  |a Texas A&M University  |b College Station  |c Sterling C. Evans Library  |d Evans: US Documents (Annex 5th floor)  |t 0  |e HE 20.6514/3:D 35/CLINIC  |h Superintendent of Documents classification  |i unmediated -- volume  |m A14824396276 
998 f f |a HE 20.6514/3:D 35/CLINIC  |t 0  |l Evans: US Documents (Annex 5th floor)